000
00385nam a2200145Ia 4500
008
100204s9999 xx 000 0 und d
082
_b
26178
100
_a
नाईक गुरुनाथ
245
_a
धडक
260
_b
"सुशील प्रकाशन , पुणे"
_c
2004
300
_a
168
630
_a
धडक
730
_a
धडक
942
_c
BOOK
999
_c
471355
_d
471352